Online
Catalog

Azua : (Record no. 20552)

MARC details
000 -CABECERA
campo de control de longitud fija 01268nam a2200313 a 4500
001 - NÚMERO DE CONTROL
campo de control 000021049
003 - IDENTIFICADOR DEL NÚMERO DE CONTROL
campo de control DO-SdBNP
005 - FECHA Y HORA DE LA ÚLTIMA TRANSACCIÓN
campo de control 20230815134221.0
007 - CAMPO FIJO DE DESCRIPCIÓN FÍSICA--INFORMACIÓN GENERAL
campo de control de longitud fija ta
008 - DATOS DE LONGITUD FIJA--INFORMACIÓN GENERAL
campo de control de longitud fija 100830e2004 dr ac gr 001 edspa d
020 ## - NÚMERO INTERNACIONAL ESTÁNDAR DEL LIBRO
ISBN cancelado o inválido 00019595
040 ## - FUENTE DE LA CATALOGACIÓN
Centro catalogador/agencia de origen DO-SdBNP
Lengua de catalogación spa
Centro/agencia transcriptor BNPHU
082 #4 - NÚMERO DE LA CLASIFICACIÓN DECIMAL DEWEY
Número de clasificación 972.9372
Número de documento/Ítem B142a
Número de edición 22
100 1# - ENTRADA PRINCIPAL--NOMBRE DE PERSONA
Nombre de persona Báez, Esther Miguelina
Fechas asociadas al nombre 1960-
9 (RLIN) 44031
245 10 - MENCIÓN DE TÍTULO
Título Azua :
Resto del título 500 años de historia y cultura /
Mención de responsabilidad, etc. Esther Miguelina Báez ; Ramiro Matos Gonzáles.
246 13 - FORMA VARIANTE DE TÍTULO
Título propio/Titulo breve Azua :
Resto del título quinientos años de historia y cultura
260 ## - PUBLICACIÓN, DISTRIBUCIÓN, ETC.
Lugar de publicación, distribución, etc. Santo Domingo :
Nombre del editor, distribuidor, etc. Búho,
Fecha de publicación, distribución, etc. 2004
300 ## - DESCRIPCIÓN FÍSICA
Extensión 138 p. ;
Dimensiones 22 cm.
500 ## - NOTA GENERAL
Nota general Incluye datos biográficos de la autora en la contracubierta
504 ## - NOTA DE BIBLIOGRAFÍA, ETC.
Nota de bibliografía, etc. Bibliografía: p. 137 -138
505 0# - NOTA DE CONTENIDO CON FORMATO
Nota de contenido con formato Historia de la provincia de Azua de Compostela -- Geografía -- población -- Población -- Sociaedad -- Medio ambiente -- Cultura y ocio -- Económia.
590 ## - NOTA LOCAL (RLIN)
Nota local Inventariado 2023,
650 #4 - PUNTO DE ACCESO ADICIONAL DE MATERIA--TÉRMINO DE MATERIA
Término de materia o nombre geográfico como elemento de entrada Ciudades y pueblos
Subdivisión geográfica República Dominicana, Azua
9 (RLIN) 43876
651 #4 - PUNTO DE ACCESO ADICIONAL DE MATERIA--NOMBRE GEOGRÁFICO
Nombre geográfico Azua (República Dominicana)
Subdivisión general Historia local
9 (RLIN) 22073
651 #4 - PUNTO DE ACCESO ADICIONAL DE MATERIA--NOMBRE GEOGRÁFICO
Nombre geográfico Azua (República Dominicana)
Subdivisión general Vida social y costumbres
9 (RLIN) 12428
700 12 - PUNTO DE ACCESO ADICIONAL--NOMBRE DE PERSONA
Nombre de persona Matos Gonzálesz, Ramiro
Término indicativo de función/relación pról.
9 (RLIN) 44032
910 ## - DATOS DE OPCIÓN DEL USUARIO (OCLC)
Datos de opción del usuario Validado. Control de calidad MFF
942 ## - ELEMENTOS DE PUNTO DE ACCESO ADICIONAL (KOHA)
Fuente del sistema de clasificación o colocación Dewey Decimal Classification
Tipo de ítem Koha Libro
Holdings
Estado de retiro Estado de pérdida Fuente del sistema de clasificación o colocación Restricciones de uso No para préstamo Código de colección Localización permanente Ubicación/localización actual Ubicación en estantería Fecha de adquisición Número de inventario Total de préstamos Signatura topográfica completa Código de barras Fecha visto por última vez Precio válido a partir de Tipo de ítem Koha Número de copia Fuente de adquisición
    Dewey Decimal Classification Excluido de préstamo   Patrimonio Dominicano Biblioteca Nacional Pedro Henríquez Ureña Biblioteca Nacional Pedro Henríquez Ureña Depósito 30.08.2010 LF1   BNPHU PD 972.9372 B142a 21049-10 25.06.2020 25.06.2020 Libro    
  Extraviado Dewey Decimal Classification Excluido de préstamo   Patrimonio Dominicano Biblioteca Nacional Pedro Henríquez Ureña Biblioteca Nacional Pedro Henríquez Ureña Depósito 30.08.2010 LF1   BNPHU DS 972.9372 B142a 21049-20 25.06.2020 25.06.2020 Libro e. 2  
    Dewey Decimal Classification Préstamo en sala   Dominicana de Servicio Biblioteca Nacional Pedro Henríquez Ureña Biblioteca Nacional Pedro Henríquez Ureña Depósito 11.02.2022     BNPHU DS 972.9372 B142a 2023-0375 23.01.2023 23.01.2023 Libro e.3 Donado por Víctor Hugo

Powered by Koha